000 00659nam a22002057a 4500
005 20251108171855.0
008 250721s1988 xx 000 0 ara d
082 1 4 _a621.56/ترو
100 1 _aتروت، أ . ر
245 1 0 _aالتبريد و تكييف الهواء /
264 1 _aالقاهرة :
_bالدار الدولية للنشر و التوزيع،
_c1988.
300 _a350ص
650 1 7 _aالتبريد
650 1 7 _aالآت التبريد
650 1 7 _aتكييف الهواء
700 1 _aالرفاعي، محمد فوزي
_eترجمة
700 1 _aحسن، عادل خليل
_eترجمة
942 _2ddc
_cBK
999 _c64860
_d64860